000 00677nam a22002177a 4500
003 UA-OsUOA
001 86953
007 ta
008 20120912b un ||||| |||| 00| 0 ukr d
090 _a82.09(430)
_bЛ64
942 _cBK
040 _aUA-OsUOA
_brus
_cUA-OsUOA
_dUA-OsUOA
245 _aЛитература германской демократической республики
_bСборник статей
_cРед. Самарин М.
300 _a574 с.
955 _a1
041 _arus
080 _a82.09(430)
260 _aМ.
_bИ-во АН СССР
_c1958
650 7 _a82 Література. Літературознавство
_2UDC
999 _c373175
_d373175